Counties of Albania (Qarqet e Shqipërisë) - Statistics

General Stats
  • This quiz has been taken 22 times
  • The average score is 9 of 12
Answer Stats
Answer % Correct
Tirana
90%
Durrës
81%
Shkodër
81%
Vlorë
81%
Elbasan
71%
Fier
71%
Kukës
71%
Dibër
67%
Korçë
67%
Lezhë
67%
Berat
62%
Gjirokastër
62%
No matching quizzes found
Score Distribution
Percent of People with Each Score
Percentile by Number Answered
Your Score History
You have not taken this quiz